Software engineering : an engineering approach /
This book is about: Software engineering landscape; Software process; Software configuration management; ...
שמור ב:
| מחבר ראשי: | |
|---|---|
| מחברים אחרים: | |
| פורמט: | ספר |
| שפה: | English |
| יצא לאור: |
New York ; Chichester :
John Wiley and Sons,
2000.
|
| נושאים: | |
| תגים: |
הוספת תג
אין תגיות, היה/י הראשונ/ה לתייג את הרשומה!
|
| Thư viện lưu trữ: | Mạng thư viện Đại học Đà Nẵng |
|---|
| LEADER | 00998cam a2200337 i 4500 | ||
|---|---|---|---|
| 001 | 000048031 | ||
| 003 | 7729 | ||
| 005 | 20061107085118.0 | ||
| 008 | 010322b2000 vm 000 eng | ||
| 020 | |a 0471189642 | ||
| 040 | |a IRC |c IRC |d IRC | ||
| 041 | 0 | |a eng | |
| 082 | 1 | 4 | |a 005.1 |b PE-J |
| 100 | 1 | |a Peters, James F. | |
| 245 | 0 | 0 | |a Software engineering : |b an engineering approach / |c James F. Peters, Witold Pedrycz. |
| 260 | |a New York ; Chichester : |b John Wiley and Sons, |c 2000. | ||
| 300 | |a 702 p. : |b ill. ; |c 23.5 cm. | ||
| 520 | 3 | |a This book is about: Software engineering landscape; Software process; Software configuration management; ... | |
| 630 | 0 | 4 | |a Software engineering. |
| 650 | 0 | 4 | |a Software engineering. |
| 700 | 1 | |a Pedrycz, Witold. | |
| OWN | |a DUT | ||
| 999 | |a From the UDN01 | ||
| TYP | |a Monograph | ||
| TYP | |a Printed language | ||
| 980 | |a Mạng thư viện Đại học Đà Nẵng | ||


